[Event "2. Bundesliga Ost 2016/2017"]
[Site "alle Wien"]
[Date "2017.01.15"]
[Round "7"]
[Board "1"]
[White "Bachofner, Andreas"]
[Black "Rubil, Marko"]
[Result "1/2-1/2"]
[WhiteElo "2214"]
[BlackElo "2306"]
[PlyCount "94"]
[EventDate "2016.10.15"]
[EventType "team"]
[EventRounds "11"]
[EventCountry "AUT"]
[WhiteTeam "Blackburne Nickelsdorf 2"]
[BlackTeam "SZ Favoriten"]

1. e4 e5 2. Nf3 Nc6 3. d4 exd4 4. Nxd4 Bc5 5. Nxc6 Qf6 6. Qf3 dxc6 7. Qxf6 Nxf6
8. f3 Be6 9. Nd2 O-O-O 10. Nb3 Bb6 11. Bd2 Nd7 12. Bc3 f6 13. Nd4 Bf7 14. O-O-O
Ne5 15. b3 c5 16. Nf5 Rxd1+ 17. Kxd1 Rd8+ 18. Kc1 g6 19. Ne3 c6 20. f4 c4 21.
Nd1 Ng4 22. Be2 f5 23. Bxg4 fxg4 24. Re1 Re8 25. g3 h5 26. Nb2 h4 27. gxh4 cxb3
28. axb3 Bf2 29. Re2 Bxh4 30. Nd3 g5 31. f5 g3 32. hxg3 Bxg3 33. Rg2 Bf4+ 34.
Nxf4 gxf4 35. e5 f3 36. Rf2 Bd5 37. Kd2 Rf8 38. f6 Rg8 39. Bd4 Rg2 40. c4 Bf7
41. Ke3 Rxf2 42. Kxf2 a5 43. Kxf3 b5 44. Kf4 bxc4 45. Kf5 Kd7 46. bxc4 Bxc4 47.
Kg6 Ke8 1/2-1/2

[Event "2. Bundesliga Ost 2016/2017"]
[Site "alle Wien"]
[Date "2017.01.15"]
[Round "7"]
[Board "2"]
[White "Steiner, Bruno"]
[Black "Koffler, Daniel"]
[Result "1-0"]
[WhiteElo "2166"]
[BlackElo "2152"]
[PlyCount "99"]
[EventDate "2016.10.15"]
[EventType "team"]
[EventRounds "11"]
[EventCountry "AUT"]
[WhiteTeam "SZ Favoriten"]
[BlackTeam "Blackburne Nickelsdorf 2"]

1. d4 d5 2. c4 c6 3. Nc3 Nf6 4. e3 g6 5. Nf3 Bg7 6. Bd3 O-O 7. O-O Nbd7 8. cxd5
Nxd5 9. Bd2 N5b6 10. Qe2 e5 11. dxe5 Nxe5 12. Nxe5 Bxe5 13. e4 Qe7 14. Kh1 Rd8
15. Rad1 Bg4 16. f3 Rxd3 17. Qxd3 Qh4 18. g3 Bxg3 19. Qe2 Be6 20. Be1 Bxe1 21.
Qxe1 Qxe1 22. Rfxe1 Kf8 23. Kg1 a5 24. Kf2 a4 25. Re2 Nc4 26. Rc2 b5 27. Ne2
Na5 28. Nc1 Ke7 29. Rc3 Rc8 30. Rd4 c5 31. Rd1 b4 32. Rc2 Bxa2 33. Nxa2 b3 34.
Rc3 bxa2 35. Ra1 Nb3 36. Rxa2 Rd8 37. Rxa4 Rd2+ 38. Ke3 Rxb2 39. Ra7+ Kf6 40.
Rb7 c4 41. Rxc4 Na5 42. Rcb4 Rxh2 43. Rc7 Ra2 44. Kf4 g5+ 45. Kg3 Ra3 46. Rb6+
Kg7 47. e5 Rb3 48. Rf6 Re3 49. Rfxf7+ Kg8 50. Rg7+ 1-0

[Event "2. Bundesliga Ost 2016/2017"]
[Site "alle Wien"]
[Date "2017.01.15"]
[Round "7"]
[Board "3"]
[White "Kuntner, Reinhard"]
[Black "Chulis, Alexander"]
[Result "0-1"]
[WhiteElo "2076"]
[BlackElo "2157"]
[PlyCount "162"]
[EventDate "2016.10.15"]
[EventType "team"]
[EventRounds "11"]
[EventCountry "AUT"]
[WhiteTeam "Blackburne Nickelsdorf 2"]
[BlackTeam "SZ Favoriten"]

1. d4 d5 2. Nf3 Nf6 3. Bf4 c6 4. e3 Bf5 5. Bd3 Bxd3 6. cxd3 e6 7. O-O Bd6 8.
Ne5 O-O 9. Nd2 Qe7 10. Rc1 Ne8 11. Bg3 f6 12. Nef3 Bxg3 13. hxg3 Nd6 14. e4 Nd7
15. Re1 Qf7 16. Qb3 a5 17. a4 Ra6 18. Qa3 Nc8 19. Re2 Rb6 20. Nb3 e5 21. Nxa5
exd4 22. exd5 Qxd5 23. Nc4 Ra6 24. b4 c5 25. b5 Re6 26. Rxe6 Qxe6 27. a5 b6 28.
Re1 Qd5 29. axb6 Ndxb6 30. Nxb6 Nxb6 31. Qa7 Nc8 32. Qc7 Qd6 33. Qb7 Rd8 34.
Nd2 Qb6 35. Qxb6 Nxb6 36. Re6 Na4 37. Nc4 Rb8 38. Ra6 Nc3 39. b6 Kf7 40. Ra7+
Ke6 41. Rxg7 Ne2+ 42. Kf1 Nc1 43. Rxh7 Nxd3 44. Rc7 Kd5 45. Nd2 Rxb6 46. Ke2
Ne5 47. f4 Ng4 48. Rd7+ Ke6 49. Rc7 Kd5 50. Kf3 f5 51. Rd7+ Rd6 52. Rf7 Rf6 53.
Rd7+ Kc6 54. Re7 Kd6 55. Re8 Kd7 56. Rb8 Re6 57. Nc4 Kc7 58. Rf8 Rf6 59. Re8
Ra6 60. Rf8 Ra4 61. Ne5 Ra3+ 62. Ke2 Re3+ 63. Kd2 Nxe5 64. fxe5 Rxe5 65. Kd3
Re3+ 66. Kc4 Kd6 67. Rxf5 Rc3+ 68. Kb5 Rxg3 69. Rxc5 Rxg2 70. Rc8 Rb2+ 71. Ka4
Kd5 72. Ka3 Rb6 73. Ka2 d3 74. Rd8+ Ke4 75. Re8+ Kf3 76. Rf8+ Ke2 77. Re8+ Kd1
78. Rd8 d2 79. Rd5 Rb4 80. Ka3 Re4 81. Rb5 Ke1 0-1

[Event "2. Bundesliga Ost 2016/2017"]
[Site "alle Wien"]
[Date "2017.01.15"]
[Round "7"]
[Board "4"]
[White "Miazhynski, Yuri"]
[Black "Rongitsch, Thomas"]
[Result "1-0"]
[WhiteElo "2059"]
[BlackElo "2092"]
[PlyCount "81"]
[EventDate "2016.10.15"]
[EventType "team"]
[EventRounds "11"]
[EventCountry "AUT"]
[WhiteTeam "SZ Favoriten"]
[BlackTeam "Blackburne Nickelsdorf 2"]

1. e4 c6 2. d4 d5 3. Nc3 dxe4 4. Nxe4 Bf5 5. Ng3 Bg6 6. Nh3 e6 7. Nf4 Nf6 8. h4
Bd6 9. h5 Bf5 10. Nxf5 Qa5+ 11. Bd2 Qxf5 12. Bd3 Qg4 13. Be2 Qf5 14. Bd3 Qg4
15. Qxg4 Nxg4 16. f3 Nf6 17. O-O-O Nbd7 18. g4 h6 19. Be2 O-O-O 20. Nd3 Rhe8
21. f4 Ne4 22. Be1 Bc7 23. Bh4 f6 24. Bf3 Nd6 25. Rhe1 Kb8 26. Re2 Bb6 27. c3
Rc8 28. Rde1 Nf8 29. Bg3 f5 30. Nc5 Bc7 31. Nxe6 Nxe6 32. Rxe6 Rxe6 33. Rxe6
Rf8 34. Re7 fxg4 35. Bxg4 Ne8 36. Kc2 Nf6 37. Bf3 Nd5 38. Bxd5 cxd5 39. Rxg7
Bxf4 40. Bxf4+ Rxf4 41. Rg6 1-0

[Event "2. Bundesliga Ost 2016/2017"]
[Site "alle Wien"]
[Date "2017.01.15"]
[Round "7"]
[Board "6"]
[White "Boelzlbauer, Wolfgang"]
[Black "Adler, Thomas"]
[Result "0-1"]
[WhiteElo "1951"]
[BlackElo "1963"]
[PlyCount "106"]
[EventDate "2016.10.15"]
[EventType "team"]
[EventRounds "11"]
[EventCountry "AUT"]
[WhiteTeam "SZ Favoriten"]
[BlackTeam "Blackburne Nickelsdorf 2"]

1. e4 e6 2. d4 d5 3. e5 c5 4. c3 Nc6 5. Nf3 Qb6 6. a3 cxd4 7. cxd4 Bd7 8. Be2
Nge7 9. b4 Nf5 10. Bb2 Be7 11. O-O Rc8 12. Qd2 O-O 13. Kh1 f6 14. Nc3 a6 15. g4
Nfxd4 16. Nxd5 exd5 17. Nxd4 fxe5 18. Nf5 Bxf5 19. Qxd5+ Kh8 20. gxf5 Rcd8 21.
Qe4 Bf6 22. Rad1 Rxd1 23. Bxd1 Rd8 24. Bb3 Nd4 25. Bd5 Qb5 26. Re1 Qxd5 27.
Qxd5 Rxd5 28. f4 Nc6 29. a4 Kg8 30. Ba1 exf4 31. Bxf6 gxf6 32. Re8+ Kf7 33. Rc8
Rd7 34. b5 axb5 35. axb5 Nd4 36. b6 Nxf5 37. Kg2 Ke6 38. Kf3 Ne7 39. Rc4 Nd5
40. Rc2 Nxb6 41. Kxf4 Nd5+ 42. Kf3 b5 43. Rc6+ Ke5 44. Rc8 b4 45. Rb8 Kd4 46.
Ke2 Kc3 47. Rc8+ Rc7 48. Rd8 Re7+ 49. Kf2 Nb6 50. Rd6 Nc4 51. Rxf6 b3 52. Rf3+
Kc2 53. Rf4 Nd2 0-1

[Event "2. Bundesliga Ost 2016/2017"]
[Site "alle Wien"]
[Date "2017.01.15"]
[Round "7"]
[Board "1"]
[White "Polak, Tomas"]
[Black "Brod, Manfred"]
[Result "1-0"]
[WhiteElo "2505"]
[BlackElo "2277"]
[PlyCount "105"]
[EventDate "2016.10.15"]
[EventType "team"]
[EventRounds "11"]
[EventCountry "AUT"]
[WhiteTeam "SK Hietzing"]
[BlackTeam "ASVOE Mattersburg"]

1. d4 Nf6 2. c4 g6 3. Nc3 d5 4. cxd5 Nxd5 5. e4 Nxc3 6. bxc3 Bg7 7. Bg5 c5 8.
Rc1 O-O 9. Nf3 h6 10. Bh4 cxd4 11. cxd4 Qa5+ 12. Qd2 Qxd2+ 13. Kxd2 g5 14. Bg3
f5 15. Bc4+ Kh7 16. exf5 Bxf5 17. Bd5 Nc6 18. Bxc6 bxc6 19. Rhe1 e6 20. Rxc6
Rac8 21. Rec1 Rxc6 22. Rxc6 Be4 23. Rc7 Kg6 24. Be5 Rf7 25. Rxf7 Kxf7 26. Bxg7
Kxg7 27. Ke3 Bd5 28. a3 Kf6 29. g4 Bb3 30. Ne5 Ba4 31. Kf3 Ke7 32. Kg3 Be8 33.
f4 Kf6 34. fxg5+ hxg5 35. h4 Ba4 36. h5 Bd1 37. Kf2 a6 38. Ke1 Bb3 39. Nf3 Bd5
40. Kf2 Bc6 41. Ke3 Bd5 42. h6 Kg6 43. Nxg5 Kxh6 44. Kf4 Kg6 45. Ne4 Kf7 46.
Ke5 Ke7 47. Ng5 Bc4 48. Nh3 Be2 49. g5 Bc4 50. g6 Bd5 51. Nf4 Bc4 52. g7 Kf7
53. Nxe6 1-0

[Event "2. Bundesliga Ost 2016/2017"]
[Site "alle Wien"]
[Date "2017.01.15"]
[Round "7"]
[Board "2"]
[White "Pallitsch, Clemens"]
[Black "Penz, Harald"]
[Result "1-0"]
[WhiteElo "2202"]
[BlackElo "2315"]
[PlyCount "197"]
[EventDate "2016.10.15"]
[EventType "team"]
[EventRounds "11"]
[EventCountry "AUT"]
[WhiteTeam "ASVOE Mattersburg"]
[BlackTeam "SK Hietzing"]

1. d4 d5 2. c4 e6 3. Nc3 Nf6 4. Nf3 c6 5. e3 Be7 6. Bd3 O-O 7. O-O dxc4 8. Bxc4
b5 9. Bd3 a6 10. e4 c5 11. e5 Nd5 12. Ne4 c4 13. Bb1 Nc6 14. Bg5 f5 15. exf6
Nxf6 16. Qc2 g6 17. Bh6 Re8 18. Neg5 Nb4 19. Qd2 Ng4 20. Ne4 Nd5 21. Bg5 Ngf6
22. Nxf6+ Bxf6 23. Bxf6 Nxf6 24. Qg5 Bb7 25. Ne5 Nd7 26. Qg3 Nxe5 27. dxe5 Qe7
28. Bc2 Rad8 29. Rad1 Rd5 30. h4 Qg7 31. Rfe1 Red8 32. Qg4 Bc8 33. Qg5 Re8 34.
h5 gxh5 35. Qxh5 Red8 36. Re3 Rxd1+ 37. Bxd1 Kh8 38. Rg3 Qe7 39. Bc2 Rg8 40.
Rh3 Rg7 41. Be4 Bd7 42. Qd1 Be8 43. Ra3 Qh4 44. Qf3 Rf7 45. Qe3 Qh5 46. Bf3 Qg6
47. Rxa6 Kg7 48. Ra8 Rd7 49. g3 Bf7 50. Kg2 Rd3 51. Qf4 Qh6 52. Qxh6+ Kxh6 53.
Rb8 c3 54. bxc3 Rxc3 55. Rxb5 Ra3 56. Rb7 Bg6 57. Rb6 Rxa2 58. Rxe6 Ra5 59. Be4
Kg7 60. Bxg6 hxg6 61. f4 Kf7 62. Rf6+ Kg7 63. Kh3 Ra1 64. Kg4 Rh1 65. Ra6 Rh5
66. Ra7+ Kf8 67. Rb7 Rf5 68. Kf3 Rh5 69. Ra7 Rh1 70. g4 Rh3+ 71. Ke4 Rg3 72. g5
Rb3 73. Ra4 Kf7 74. Ra6 Rb4+ 75. Kf3 Rb3+ 76. Kg4 Re3 77. Rf6+ Kg7 78. Rb6 Kf7
79. Rc6 Ra3 80. Rc7+ Kf8 81. Rh7 Kg8 82. Rh3 Ra4 83. Rc3 Kf7 84. Kf3 Rb4 85.
Ke3 Ra4 86. Rd3 Ra1 87. Ke4 Ke7 88. Rd4 Ra2 89. Rc4 Ra1 90. Rc7+ Kf8 91. e6 Ra5
92. Rd7 Rb5 93. Rd5 Rb4+ 94. Ke5 Ke7 95. Rd7+ Kf8 96. Ra7 Rb5+ 97. Kf6 Rf5+ 98.
Kxg6 Rxf4 99. Rf7+ 1-0

[Event "2. Bundesliga Ost 2016/2017"]
[Site "alle Wien"]
[Date "2017.01.15"]
[Round "7"]
[Board "3"]
[White "Djeno, Drago"]
[Black "Salamon, Werner"]
[Result "1/2-1/2"]
[WhiteElo "2224"]
[BlackElo "2157"]
[PlyCount "152"]
[EventDate "2016.10.15"]
[EventType "team"]
[EventRounds "11"]
[EventCountry "AUT"]
[WhiteTeam "SK Hietzing"]
[BlackTeam "ASVOE Mattersburg"]

1. c4 Nf6 2. Nf3 e6 3. g3 d5 4. b3 Be7 5. Bg2 O-O 6. O-O c5 7. Bb2 Nc6 8. cxd5
exd5 9. d4 Be6 10. dxc5 Bxc5 11. Nc3 Qe7 12. Ng5 Rfd8 13. Na4 Ba3 14. Nxe6 fxe6
15. Bxa3 Qxa3 16. Qc1 Qxc1 17. Rfxc1 Nd4 18. Kf1 Rac8 19. Bh3 Kf7 20. Nc5 b6
21. Nd3 Ke7 22. Rxc8 Rxc8 23. Rd1 Nb5 24. Rc1 Rxc1+ 25. Nxc1 Kd6 26. Ke1 e5 27.
e3 Ne4 28. Bf5 Nf6 29. Bd3 Nc3 30. b4 a5 31. bxa5 bxa5 32. h3 Kc5 33. g4 h6 34.
f4 exf4 35. exf4 Kd4 36. g5 Nh5 37. gxh6 gxh6 38. f5 Nxa2 39. Be2 Nxc1 40. Bxh5
Ke5 41. Kd2 Nb3+ 42. Kc3 Nc5 43. Bd1 Ne4+ 44. Kb3 Nd6 45. Bh5 Kxf5 46. Ka4 Nc4
47. Kb5 Ke4 48. h4 Kf4 49. Be2 Ke3 50. Bh5 Nd6+ 51. Kxa5 d4 52. Bd1 Ne4 53. Kb4
d3 54. Kb3 Nf2 55. Bh5 Kf4 56. Kc3 Ke3 57. Kb3 Ne4 58. Bd1 Ng3 59. Kc4 Nf5 60.
h5 Kd2 61. Bf3 Ke3 62. Bd1 Ng3 63. Kd5 Ne2 64. Ke5 Kd2 65. Bb3 Ng3 66. Kf6 Kc3
67. Bd1 Kd2 68. Bb3 Nxh5+ 69. Kg6 Kc3 70. Bd1 Nf4+ 71. Kxh6 Ne2 72. Kg5 Kd2 73.
Ba4 Kc1 74. Bb5 d2 75. Bxe2 d1=Q 76. Bxd1 Kxd1 1/2-1/2

[Event "2. Bundesliga Ost 2016/2017"]
[Site "alle Wien"]
[Date "2017.01.15"]
[Round "7"]
[Board "4"]
[White "Strodl, Joachim"]
[Black "Janetschek, Karl"]
[Result "1/2-1/2"]
[WhiteElo "2138"]
[BlackElo "2184"]
[PlyCount "58"]
[EventDate "2016.10.15"]
[EventType "team"]
[EventRounds "11"]
[EventCountry "AUT"]
[WhiteTeam "ASVOE Mattersburg"]
[BlackTeam "SK Hietzing"]

1. Nf3 c5 2. c4 Nf6 3. Nc3 d5 4. cxd5 Nxd5 5. g3 Nc6 6. Bg2 Nxc3 7. bxc3 e5 8.
d3 Be7 9. O-O O-O 10. Rb1 Qc7 11. Nd2 b6 12. Nc4 Bb7 13. Ne3 Qd7 14. Qa4 Rad8
15. Nd5 Bd6 16. Qh4 Ne7 17. Nxe7+ Bxe7 18. Qc4 Bxg2 19. Kxg2 Qd5+ 20. Qxd5 Rxd5
21. c4 Rd6 22. Be3 f5 23. f3 Bf6 24. Rb3 Re8 25. Rfb1 e4 26. dxe4 fxe4 27. f4
Bd4 28. Bc1 Bf6 29. Be3 Bd4 1/2-1/2

[Event "2. Bundesliga Ost 2016/2017"]
[Site "alle Wien"]
[Date "2017.01.15"]
[Round "7"]
[Board "5"]
[White "Todor, Razvan"]
[Black "Braun, Karl-Heinz"]
[Result "1-0"]
[WhiteElo "2164"]
[BlackElo "2034"]
[PlyCount "75"]
[EventDate "2016.10.15"]
[EventType "team"]
[EventRounds "11"]
[EventCountry "AUT"]
[WhiteTeam "SK Hietzing"]
[BlackTeam "ASVOE Mattersburg"]

1. d4 d5 2. Nf3 c6 3. c4 Nf6 4. Nc3 e6 5. e3 Nbd7 6. Bd3 Bd6 7. O-O O-O 8. Qc2
Re8 9. e4 dxe4 10. Nxe4 Nxe4 11. Bxe4 Nf8 12. Rd1 Qc7 13. h4 Bf4 14. g3 Bxc1
15. Raxc1 Rb8 16. c5 Re7 17. Ne5 Bd7 18. Qa4 a6 19. Rc3 Be8 20. Qc2 g6 21. Nc4
Nd7 22. Bg2 Nf6 23. Re3 Rd8 24. Qe2 Kg7 25. a3 Bd7 26. Re5 Bc8 27. Bf3 Red7 28.
Qe3 Rf8 29. h5 Ng8 30. Kg2 Re7 31. Rh1 f6 32. Re4 Qd8 33. Nd6 Qc7 34. hxg6 hxg6
35. Reh4 Rd8 36. Qe4 f5 37. Qe5+ Kf8 38. Rh8 1-0

[Event "2. Bundesliga Ost 2016/2017"]
[Site "alle Wien"]
[Date "2017.01.15"]
[Round "7"]
[Board "6"]
[White "Savio, Alfred Jun."]
[Black "Stadler, Peter"]
[Result "0-1"]
[WhiteElo "2024"]
[BlackElo "2082"]
[PlyCount "54"]
[EventDate "2016.10.15"]
[EventType "team"]
[EventRounds "11"]
[EventCountry "AUT"]
[WhiteTeam "ASVOE Mattersburg"]
[BlackTeam "SK Hietzing"]

1. d4 Nf6 2. Nc3 g6 3. e4 d6 4. Bc4 Bg7 5. Qe2 e5 6. dxe5 dxe5 7. Bg5 c6 8. Nf3
Qc7 9. a4 h6 10. Bxf6 Bxf6 11. h4 Bg4 12. Qd2 Qe7 13. Nh2 Be6 14. Bxe6 Qxe6 15.
O-O-O Nd7 16. Qe3 Be7 17. Qe2 O-O-O 18. Nf1 Bb4 19. Rh3 Nc5 20. Rxd8+ Rxd8 21.
Nd2 Nxa4 22. Ndb1 Nc5 23. Re3 h5 24. Nd2 b5 25. Nf3 f6 26. Nxb5 cxb5 27. Qxb5
Qa2 0-1

[Event "2. Bundesliga Ost 2016/2017"]
[Site "alle Wien"]
[Date "2017.01.15"]
[Round "7"]
[Board "1"]
[White "Stanec, Nikolaus"]
[Black "Lizak, Peter"]
[Result "1/2-1/2"]
[WhiteElo "2444"]
[BlackElo "2445"]
[PlyCount "22"]
[EventDate "2016.10.15"]
[EventType "team"]
[EventRounds "11"]
[EventCountry "AUT"]
[WhiteTeam "SC Donaustadt"]
[BlackTeam "SC Data Technology Pressbaum/E."]

1. d4 Nf6 2. Nf3 c5 3. e3 g6 4. Bd3 Bg7 5. O-O O-O 6. c3 b6 7. e4 Ba6 8. Re1
Bxd3 9. Qxd3 d5 10. exd5 Qxd5 11. c4 Qd6 1/2-1/2

[Event "2. Bundesliga Ost 2016/2017"]
[Site "alle Wien"]
[Date "2017.01.15"]
[Round "7"]
[Board "2"]
[White "Videki, Sandor"]
[Black "Kummer, Helmut"]
[Result "1/2-1/2"]
[WhiteElo "2421"]
[BlackElo "2299"]
[PlyCount "21"]
[EventDate "2016.10.15"]
[EventType "team"]
[EventRounds "11"]
[EventCountry "AUT"]
[WhiteTeam "SC Data Technology Pressbaum/E."]
[BlackTeam "SC Donaustadt"]

1. c4 Nf6 2. Nc3 g6 3. g3 Bg7 4. Bg2 e5 5. Nf3 Nc6 6. d4 exd4 7. Nxd4 O-O 8.
Nxc6 dxc6 9. Qxd8 Rxd8 10. Bd2 Be6 11. c5 1/2-1/2

[Event "2. Bundesliga Ost 2016/2017"]
[Site "alle Wien"]
[Date "2017.01.15"]
[Round "7"]
[Board "3"]
[White "Pingitzer, Harald"]
[Black "Weissenbeck, Manuel"]
[Result "1/2-1/2"]
[WhiteElo "2314"]
[BlackElo "2229"]
[PlyCount "54"]
[EventDate "2016.10.15"]
[EventType "team"]
[EventRounds "11"]
[EventCountry "AUT"]
[WhiteTeam "SC Donaustadt"]
[BlackTeam "SC Data Technology Pressbaum/E."]

1. Nf3 c5 2. c3 Nf6 3. d4 e6 4. e3 b6 5. Nbd2 Bb7 6. Bd3 d5 7. Ne5 Bd6 8. f4
O-O 9. Qf3 Bxe5 10. fxe5 Ne4 11. O-O f5 12. exf6 Rxf6 13. Qh5 Rxf1+ 14. Nxf1
Nd7 15. Bd2 Qe8 16. Qxe8+ Rxe8 17. Be1 Ndf6 18. Bh4 e5 19. Bxf6 Nxf6 20. h3
exd4 21. exd4 c4 22. Bf5 Re2 23. Rb1 g6 24. Ng3 Rd2 25. Nf1 Re2 26. Ng3 Rd2 27.
Nf1 Re2 1/2-1/2

[Event "2. Bundesliga Ost 2016/2017"]
[Site "alle Wien"]
[Date "2017.01.15"]
[Round "7"]
[Board "4"]
[White "Neumeier, Klaus"]
[Black "Sandhu, Mario"]
[Result "1/2-1/2"]
[WhiteElo "2286"]
[BlackElo "2280"]
[PlyCount "34"]
[EventDate "2016.10.15"]
[EventType "team"]
[EventRounds "11"]
[EventCountry "AUT"]
[WhiteTeam "SC Data Technology Pressbaum/E."]
[BlackTeam "SC Donaustadt"]

1. Nf3 Nf6 2. c4 c5 3. g3 g6 4. Bg2 Bg7 5. Nc3 Nc6 6. d4 cxd4 7. Nxd4 O-O 8.
O-O a6 9. c5 Qc7 10. Nb3 Rd8 11. Bf4 d6 12. cxd6 exd6 13. Rc1 Be6 14. Nd4 Nxd4
15. Qxd4 Nh5 16. Qd2 Nxf4 17. Qxf4 Qa5 1/2-1/2

[Event "2. Bundesliga Ost 2016/2017"]
[Site "alle Wien"]
[Date "2017.01.15"]
[Round "7"]
[Board "5"]
[White "Schwab, Lukas"]
[Black "Hechl, Gerald"]
[Result "1/2-1/2"]
[WhiteElo "2087"]
[BlackElo "2251"]
[PlyCount "34"]
[EventDate "2016.10.15"]
[EventType "team"]
[EventRounds "11"]
[EventCountry "AUT"]
[WhiteTeam "SC Donaustadt"]
[BlackTeam "SC Data Technology Pressbaum/E."]

1. e4 c5 2. Nf3 a6 3. c3 e6 4. d4 d5 5. exd5 exd5 6. Be2 cxd4 7. Nxd4 Bd6 8.
Be3 Nf6 9. Nd2 h6 10. h3 Nc6 11. N2f3 O-O 12. Qc2 Ne4 13. Qb3 Re8 14. O-O Na5
15. Qc2 Bd7 16. Rad1 Rc8 17. Nb3 Ba4 1/2-1/2

[Event "2. Bundesliga Ost 2016/2017"]
[Site "alle Wien"]
[Date "2017.01.15"]
[Round "7"]
[Board "6"]
[White "Schmidrathner, Christian"]
[Black "Hansen, Kay"]
[Result "1-0"]
[WhiteElo "2084"]
[BlackElo "2139"]
[PlyCount "82"]
[EventDate "2016.10.15"]
[EventType "team"]
[EventRounds "11"]
[EventCountry "AUT"]
[WhiteTeam "SC Data Technology Pressbaum/E."]
[BlackTeam "SC Donaustadt"]

1. e4 c6 2. d4 d5 3. e5 Bf5 4. Nc3 e6 5. g4 Bg6 6. Nge2 f6 7. exf6 gxf6 8. Nf4
Bf7 9. Qe2 Qe7 10. Nd3 Nd7 11. g5 Bg7 12. gxf6 Qxf6 13. Rg1 Ne7 14. Bg5 Qxd4
15. Rg4 Qb6 16. Na4 Qa6 17. Bxe7 Kxe7 18. Qd2 b5 19. Qb4+ c5 20. Naxc5 Nxc5 21.
Qxc5+ Qd6 22. Qxd6+ Kxd6 23. Rxg7 Bg6 24. O-O-O Rhf8 25. Rd2 a5 26. Ne1 b4 27.
Ng2 Be4 28. Ne1 Rf6 29. Bd3 Bxd3 30. Nxd3 Rh6 31. f4 Rh4 32. Rdg2 Rh6 33. b3
Ra6 34. Rf7 Ra8 35. Rgg7 Rxh2 36. Rd7+ Kc6 37. Rc7+ Kb5 38. Rb7+ Kc6 39. Rgc7+
Kd6 40. Rd7+ Kc6 41. Ne5+ Kc5 1-0

[Event "2. Bundesliga Ost 2016/2017"]
[Site "alle Wien"]
[Date "2017.03.04"]
[Round "8"]
[Board "1"]
[White "Weinzettl, Ernst"]
[Black "Videki, Sandor"]
[Result "0-1"]
[WhiteElo "2274"]
[BlackElo "2421"]
[PlyCount "98"]
[EventDate "2016.10.15"]
[EventType "team"]
[EventRounds "11"]
[EventCountry "AUT"]
[WhiteTeam "ASVOE VHS Poechlarn"]
[BlackTeam "SC Data Technology Pressbaum/E."]

1. e4 c5 2. Nf3 Nc6 3. d4 cxd4 4. Nxd4 Nf6 5. Nc3 d6 6. Bc4 e6 7. Bb3 a6 8. Be3
Bd7 9. O-O Be7 10. f4 O-O 11. f5 Nxd4 12. Bxd4 exf5 13. exf5 Bc6 14. Qd3 Qc7
15. Qg3 Nh5 16. Qh3 Nf6 17. Rae1 Rae8 18. Re3 Bd8 19. Rg3 Kh8 20. Qh4 h6 21.
Rh3 Kh7 22. Qf4 Qa5 23. Kh1 Ne4 24. Nxe4 Rxe4 25. Qf2 Bf6 26. Be3 Rg4 27. Rg3
Bh4 28. Qe2 Rxg3 29. hxg3 Bxg3 30. Qg4 Be5 31. Bxf7 Kh8 32. Bb3 Qd8 33. c3 Qf6
34. Bd4 Bxd4 35. cxd4 Re8 36. Rc1 d5 37. Rf1 Re4 38. Qd1 Rxd4 39. Qe1 Rh4+ 40.
Kg1 Re4 41. Qd2 Qd4+ 42. Qxd4 Rxd4 43. Rf2 Kg8 44. Kf1 Kf7 45. Ke2 Ba4 46. Rf3
Kf6 47. Bxa4 Rxa4 48. a3 Rg4 49. g3 b5 0-1

[Event "2. Bundesliga Ost 2016/2017"]
[Site "alle Wien"]
[Date "2017.03.04"]
[Round "8"]
[Board "2"]
[White "Rumpl, Erwin"]
[Black "Loeffler, Stefan"]
[Result "0-1"]
[WhiteElo "2317"]
[BlackElo "2378"]
[PlyCount "104"]
[EventDate "2016.10.15"]
[EventType "team"]
[EventRounds "11"]
[EventCountry "AUT"]
[WhiteTeam "SC Data Technology Pressbaum/E."]
[BlackTeam "ASVOE VHS Poechlarn"]

1. Nf3 c5 2. e4 e6 3. g3 d5 4. exd5 exd5 5. d4 Nc6 6. Bg2 Bg4 7. dxc5 Bxc5 8.
O-O Nf6 9. Nc3 h6 10. Re1+ Be6 11. Na4 Bd6 12. Nd4 Nxd4 13. Qxd4 Rc8 14. Nc3
O-O 15. Qd3 Bb4 16. Be3 Ne4 17. Bd4 Bf5 18. Qb5 Bxc3 19. bxc3 b6 20. Re3 Qd6
21. Rd1 Qg6 22. Rde1 Rfd8 23. a4 Kh7 24. Qa6 Rc7 25. a5 Nc5 26. Bxc5 bxc5 27.
Qxg6+ Kxg6 28. Re7 Rdd7 29. R7e5 Be6 30. Rd1 Kf6 31. Re3 Rd6 32. Rf3+ Ke7 33.
Re3 Kd7 34. Red3 c4 35. Rd4 Rc5 36. a6 Kc7 37. f4 Kb6 38. f5 Bxf5 39. Bxd5 Bxc2
40. Bxf7 Rf6 41. Rd6+ Rc6 42. Rxc6+ Kxc6 43. Bd5+ Kc5 44. Rd2 Bd3 45. Bb7 Rf1+
46. Kg2 Rc1 47. Rf2 Rxc3 48. Rf7 Ra3 49. Bc8 c3 50. Rxa7 c2 51. Rc7+ Kd4 52.
Kf2 Bc4 0-1

[Event "2. Bundesliga Ost 2016/2017"]
[Site "alle Wien"]
[Date "2017.03.04"]
[Round "8"]
[Board "3"]
[White "Ganaus, Hannes"]
[Black "Weissenbeck, Manuel"]
[Result "1/2-1/2"]
[WhiteElo "2277"]
[BlackElo "2229"]
[PlyCount "64"]
[EventDate "2016.10.15"]
[EventType "team"]
[EventRounds "11"]
[EventCountry "AUT"]
[WhiteTeam "ASVOE VHS Poechlarn"]
[BlackTeam "SC Data Technology Pressbaum/E."]

1. d4 Nf6 2. c4 g6 3. Nc3 Bg7 4. e4 d6 5. Nf3 O-O 6. Be2 e5 7. O-O Nc6 8. dxe5
dxe5 9. Bg5 h6 10. Qxd8 Rxd8 11. Bxf6 Bxf6 12. Nd5 Bg7 13. Nxc7 Rb8 14. Rfd1
Bd7 15. Rd2 Rbc8 16. Nd5 Kf8 17. Rad1 Bg4 18. b3 f5 19. Ne3 Rxd2 20. Rxd2 Bxf3
21. Bxf3 f4 22. Nc2 Rc7 23. Kf1 Nd4 24. Nxd4 exd4 25. Ke2 Ke7 26. Kd3 a5 27.
Rc2 b6 28. a3 Be5 29. Ra2 Ra7 30. Be2 Kd6 31. Kc2 Bf6 32. Bd3 Ke5 1/2-1/2

[Event "2. Bundesliga Ost 2016/2017"]
[Site "alle Wien"]
[Date "2017.03.04"]
[Round "8"]
[Board "4"]
[White "Neumeier, Klaus"]
[Black "Wilke, Werner"]
[Result "1-0"]
[WhiteElo "2286"]
[BlackElo "2226"]
[PlyCount "111"]
[EventDate "2016.10.15"]
[EventType "team"]
[EventRounds "11"]
[EventCountry "AUT"]
[WhiteTeam "SC Data Technology Pressbaum/E."]
[BlackTeam "ASVOE VHS Poechlarn"]

1. Nf3 d5 2. c4 d4 3. b4 c5 4. Bb2 cxb4 5. Nxd4 e5 6. Nf3 e4 7. Nd4 Nf6 8. d3
exd3 9. exd3 Be7 10. Be2 O-O 11. O-O Nc6 12. Nf3 a5 13. a3 Bf5 14. axb4 Nxb4
15. Nd4 Bg6 16. Na3 Qb6 17. Qb3 Rfd8 18. Nab5 Bc5 19. Qc3 h5 20. Rad1 a4 21.
Nf3 Nbd5 22. cxd5 Qxb5 23. d4 Qxe2 24. dxc5 a3 25. Ba1 Ra4 26. d6 Qc4 27. Qe3
Qe4 28. Qc3 a2 29. Ne5 h4 30. Rfe1 Qf5 31. c6 Re4 32. c7 Re8 33. Rxe4 Nxe4 34.
Qf3 Nxd6 35. Rxd6 Rxe5 36. Bxe5 Qxe5 37. c8=Q+ Kh7 38. Rd1 a1=Q 39. h3 Qa4 40.
Qfg4 Qxg4 41. Qxg4 Qe4 42. Qxe4 Bxe4 43. Rd4 f5 44. f3 Bc6 45. Rxh4+ Kg6 46.
Kf2 Kf6 47. f4 b5 48. Rh8 Ke6 49. Rg8 Kd5 50. Ke3 b4 51. Kd3 Kc5 52. Rxg7 Be4+
53. Kd2 Kc4 54. Kc1 Kc3 55. h4 Bd5 56. h5 1-0